Представление документа в формате MARC21

Поле Инд. ПП Название Значение
Тип записи a
Библиографический уровень m
001 Контрольный номер a8a18e191c1a4025be6b184f397e84d1
005 Дата корректировки 20200505005255.6
008 Кодируемые данные 200505s1978 ru |||||||||||000|||rus|d
040 a Служба первич. каталог. ЦГБ г. В. Луки
b Код языка каталог. rus
041 0_ a Код языка текста rus
084 2 Источник индекса rubbk
a Индекс другой классификации/Индекс ББК 65.04
090 x Авторский знак К 88
j Имя библиотеки ЦГБ г. В. Луки
097 b Оператор КЕИ-р
100 1_ a Автор Кублицкий Г. И.
245 10 a Заглавие Волга
b Продолж. заглавия научно-худож. лит.
c Ответственность Г. И. Кублицкий
260 a Место издания Москва
b Издательство Детская литература
c Дата издания 1978
300 a Объем 223 с.
b Иллюстрации/ тип воспроизводства ил.
901 t Тип документа m